• 首页
  • 本馆介绍
  • 公告通知
  • 最新文献
  • 馆藏检索
  • 电子资源
  • 读者导购
  • 参考咨询
  • 我的图书馆
  • 登录
  • 详细信息显示
  • 放入我的书架
  • 预约/预借图书
  • 作者相关作品
  • 分类相关作品
  • 丛书相关作品
  • 出版社相关作品

书目信息

  • 表格格式
  • 工作单格式
  • 卡片格式
题名:
电子技术基础实验
    
 
作者: 龙世瑜 主编
分册:  
出版信息: 北京   中国电力出版社  2016.05
页数: 99页
开本: 26cm
丛书名:
单 册:
中图分类: TN-33
科图分类:
主题词: 电子技术--实验--高等学校--教材
电子资源:
ISBN: 978-7-5123-9195-6
000 00808nam0 2200229 450
001 174
005 20180921102226.38
010    @a978-7-5123-9195-6@dCNY16.00
100    @a20160826d2016 em y0chiy50 ea
101 0  @achi
102    @aCN@b110000
105    @aa z 000yy
200 1  @a电子技术基础实验@9dian zi ji shu ji chu shi yan@f龙世瑜主编
210    @a北京@c中国电力出版社@d2016.05
215    @a99页@c图表@d26cm
300    @a“十三五”普通高等教育规划教材
330    @a本书在满足理论实践教学的同时,提高了综合性和设计性实验比例。分为四章,共计27个实验项目,其中包含14个验证性实验,13个综合性和设计性实验。实验项目后均配有思考题。
606 0  @a电子技术@x实验@x高等学校@j教材
690    @aTN-33@v5
701  0 @a龙世瑜@9long shi yu@4主编
801  0 @aCN@b91MARC@c20160826
905    @aMuseLib@dTN-33@e871
    
    电子技术基础实验/龙世瑜主编.-北京:中国电力出版社,2016.05
    99页:图表;26cm
    “十三五”普通高等教育规划教材
    
    ISBN 978-7-5123-9195-6:CNY16.00
    本书在满足理论实践教学的同时,提高了综合性和设计性实验比例。分为四章,共计27个实验项目,其中包含14个验证性实验,13个综合性和设计性实验。实验项目后均配有思考题。
●
相关链接 在E读中查询图书 在五车中查询图书 在当当中查询图书 在豆瓣中查询图书


正题名:电子技术基础实验     索取号:TN-33/871         预约/预借

序号 登录号 条形码 馆藏地/架位号 状态 备注
1 1118604   211186045   第二样本阅览室/ [索取号:TN-33/871] 在馆    
2 1118605   211186054   密集书库-物理学院/ [索取号:TN-33/871] 在馆    
3 1118606   211186063   第三借阅区/ [索取号:TN-33/871] 在馆    
4 1118607   211186072   第三借阅区/ [索取号:TN-33/871] 在馆    
5 1118608   211186081   第三借阅区/ [索取号:TN-33/871] 在馆    
唐山师范学院图书馆 欢迎您!
大连网信软件有限公司© 版权所有